| 000 | 00479nam a2200169Ia 4500 | ||
|---|---|---|---|
| 999 |
_c1109 _d1109 |
||
| 003 | OSt | ||
| 005 | 20210121114027.0 | ||
| 008 | 190216s9999||||xx |||||||||||||| ||und|| | ||
| 040 | _coclc | ||
| 082 |
_a581.1 _bDEV/P |
||
| 100 |
_aDevlin, Robert M _98329 |
||
| 245 | 0 |
_aPlant Physiology / _cRobert M Devlin |
|
| 260 |
_bAffiliated East West Press, _c1969. _aNew Delhi: |
||
| 300 | _a446p | ||
| 650 | _aBotany | ||
| 942 |
_cBK _2ddc _h581.1 _iDEV/P _k581.1 _mDEV/P |
||